Daňovo pragamticky

Vymedzenie pojmu daňový rating a čierna listina.

Gespeichert in:
Bibliographische Detailangaben
1. Verfasser: Burák, Emil
Format: Buchkapitel
Sprache:Slowakisch
Schlagworte:
Tags: Tag hinzufügen
Keine Tags, Fügen Sie das erste Tag hinzu!

MARC

LEADER 00000naa a2200000 4500
001 0211820
005 20160202110637.2
041 0 |a slo 
044 |a SK 
245 1 0 |a Daňovo pragamticky  |c Emil Burák 
520 |a Vymedzenie pojmu daňový rating a čierna listina. 
610 2 0 |a rating 
610 2 0 |a gramotnosť finančná 
610 2 0 |a zdaňovanie 
610 2 0 |a daňovníci 
100 1 |a Burák, Emil